[Event "George Koltanowski Sunday Marathon"]
[Site "?"]
[Date "2007.11.04"]
[Round "3"]
[White "Riese, Kayven"]
[Black "Shaughnessy, Stephen"]
[Result "0-1"]
[WhiteElo "1833"]
[BlackElo "1678"]
[PlyCount "56"]
[EventDate "2007.10.28"]
[SourceDate "2007.10.22"]

1. e4 e5 2. Nf3 Nc6 3. Bb5 Nd4 4. Nxd4 exd4 5. O-O c6 6. Be2 d5 7. exd5 Qxd5 8.
Bf3 Qd8 9. Re1+ Be7 10. d3 Nf6 11. Bg5 h6 12. Bxf6 gxf6 13. Nd2 f5 14. Nc4 f6
15. Bh5+ Kd7 16. Qf3 Kc7 17. a4 Bd6 18. Bg6 f4 19. Nxd6 Qxd6 20. Re4 f5 21.
Bxf5 Bxf5 22. Rxf4 Be6 23. Re1 Raf8 24. Rxf8 Rxf8 25. Rxe6 Qxe6 26. Qg3+ Qd6
27. Qg7+ Kb6 28. a5+ Ka6 0-1

[Event "Berkeley CC Reti FNM; 30/90, SD/60"]
[Site "Berkeley CA"]
[Date "2011.04.29"]
[Round "2.9"]
[White "Rood, Ben"]
[Black "Parkin, John"]
[Result "0-1"]
[WhiteElo "1414"]
[BlackElo "1866"]
[PlyCount "122"]
[EventDate "2011.??.??"]
[SourceDate "2007.10.22"]

1. e4 d5 2. exd5 Qxd5 3. Nc3 Qd6 4. Nf3 Nf6 5. d4 c6 6. Bc4 Bg4 7. Be3 Nbd7 8.
O-O e6 9. h3 Bh5 10. Re1 Be7 11. Qe2 O-O 12. Rad1 a5 13. a4 Nb6 14. Bd3 Rfe8
15. b3 Qc7 16. Ne4 Nfd5 17. Bd2 Nf4 18. Bxf4 Qxf4 19. Qe3 Nd5 20. Qxf4 Nxf4 21.
Rd2 Bxf3 22. gxf3 Nxh3+ 23. Kg2 Nf4+ 24. Kg3 g5 25. Rh1 h5 26. Nc5 h4+ 27. Kh2
Bxc5 28. dxc5 Rad8 29. Rg1 f6 30. Rdd1 Rd5 31. Rge1 Rxc5 32. Bc4 b5 33. axb5
cxb5 34. Bd3 Kg7 35. Re3 Rd8 36. Ra1 b4 37. Bc4 Rd2 38. Kg1 e5 39. Rc1 a4 40.
Ree1 Nh3+ 41. Kg2 Nf4+ 42. Kg1 a3 43. Re3 Rxc4 44. bxc4 Ne2+ 45. Rxe2 Rxe2 46.
Kf1 Rd2 47. Ke1 Rd4 48. Ke2 Rxc4 49. Kd2 Rc3 50. Ke2 h3 51. f4 b3 52. Rd1 Rxc2+
53. Ke1 h2 54. Rd7+ Kg6 55. f5+ Kxf5 56. Rh7 h1=Q+ 57. Rxh1 Rc1+ 58. Ke2 Rxh1
59. f4 b2 60. fxg5 b1=Q 61. gxf6 Qe4+ 0-1

[Event "Berkeley CC De Firmian FNM; 30/90, SD/30"]
[Site "Berkeley"]
[Date "2012.03.30"]
[Round "1.3"]
[White "Rood, Ben"]
[Black "Watson, Farid Mark"]
[Result "0-1"]
[WhiteElo "1674"]
[BlackElo "2025"]
[PlyCount "96"]
[EventDate "2012.??.??"]

1. e4 g6 2. d4 Bg7 3. Nf3 d6 4. c3 Nf6 5. Qc2 O-O 6. Bf4 Nbd7 7. Nbd2 c5 8. d5
Nh5 9. Be3 a6 10. c4 Ne5 11. Nxe5 Bxe5 12. Be2 Nf4 13. Bxf4 Bxf4 14. O-O Bd7
15. g3 Be5 16. f4 Bd4+ 17. Kh1 b5 18. Bf3 bxc4 19. Nxc4 Rb8 20. Rad1 Rb4 21. b3
a5 22. a3 Rb8 23. Rb1 Bb5 24. Qd2 a4 25. Rfc1 axb3 26. Rxb3 Bxc4 27. Rxb8 Qxb8
28. Rxc4 Qb3 29. Be2 Qb1+ 30. Kg2 Rb8 31. Bd3 Qg1+ 32. Kh3 Rb3 33. a4 Qa1 34.
Bc2 Qf1+ 35. Qg2 Qxc4 36. Bxb3 Qxb3 37. a5 c4 38. a6 Qb6 39. Qa2 c3 40. Qc4 Qc5
41. Qa4 c2 42. a7 Qc8+ 43. Kg2 Bxa7 44. Qxa7 c1=Q 45. Qxe7 Qd2+ 46. Kf3 Qd1+
47. Kg2 Qe2+ 48. Kh1 Qc1# 0-1

[Event "Berkeley CC FNM; 30/90, SD/30"]
[Site "Berkeley"]
[Date "2009.05.08"]
[Round "2.1"]
[White "Rozenblatt, Daniel"]
[Black "Andries, W Craig"]
[Result "0-1"]
[WhiteElo "1669"]
[BlackElo "1866"]
[PlyCount "58"]
[EventDate "2009.??.??"]
[SourceDate "2007.10.22"]

1. d4 e6 2. e4 d5 3. Nd2 Nf6 4. e5 Nfd7 5. f4 c5 6. Ngf3 Nc6 7. Bb5 Qb6 8. Bxc6
bxc6 9. c3 Ba6 10. Qb3 cxd4 11. Qxb6 axb6 12. cxd4 f6 13. b3 Be7 14. Bb2 O-O
15. a4 c5 16. g3 cxd4 17. Nxd4 Nc5 18. O-O-O Bd3 19. Nc6 Bd8 20. Nxd8 Raxd8 21.
exf6 Rc8 22. Bc3 d4 23. Bb4 Na6+ 24. Kb2 Nxb4 25. fxg7 Kxg7 26. Nf3 Be2 27.
Nxd4 Bxd1 28. Nxe6+ Kf7 29. Nxf8 Nd3+ 0-1

[Event "Blackburne Friday Night Marathon"]
[Site "Berkeley"]
[Date "2009.04.03"]
[Round "4.8"]
[White "Rozenblatt, Daniel"]
[Black "Askin, David Benjamin"]
[Result "1-0"]
[WhiteElo "1398"]
[BlackElo "1768"]
[PlyCount "77"]
[EventDate "2009.??.??"]
[SourceDate "2007.10.22"]

1. d4 d5 2. c4 c6 3. Nc3 Nf6 4. Nf3 e6 5. Bg5 h6 6. Bh4 dxc4 7. a4 Bb4 8. Qc2
Nbd7 9. Nd2 Bxc3 10. Qxc3 b5 11. e4 Qb6 12. Be2 Bb7 13. a5 Qc7 14. Bg3 Qc8 15.
Bd6 c5 16. Bf3 cxd4 17. Qxd4 a6 18. O-O Bc6 19. e5 Nd5 20. Qg4 Rg8 21. Be4 g6
22. Qh4 g5 23. Qxh6 Qb7 24. Bh7 O-O-O 25. Bxg8 Rxg8 26. Qh7 Rd8 27. Qxf7 Nf4
28. f3 Nd3 29. Qxe6 Qa7+ 30. Kh1 Nf2+ 31. Rxf2 Qxf2 32. Be7 Bb7 33. Bxd8 Qxd2
34. Bb6 Kb8 35. Qg8+ Bc8 36. e6 Qd5 37. Qd8 Nxb6 38. Qxb6+ Bb7 39. e7 1-0

[Event "BCC Adolf Anderssen Marathon"]
[Site "?"]
[Date "2009.01.09"]
[Round "1"]
[White "Rozenblatt, Daniel"]
[Black "Gonda, Thomas"]
[Result "1-0"]
[WhiteElo "1398"]
[BlackElo "1445"]
[PlyCount "45"]
[EventDate "2009.??.??"]
[SourceDate "2007.10.22"]

1. d4 e6 2. c4 Nf6 3. Nc3 d5 4. Bg5 Bb4 5. Nf3 dxc4 6. e4 h6 7. Bxf6 Qxf6 8.
Bxc4 O-O 9. O-O Rd8 10. Ne2 Qg6 11. e5 h5 12. a3 Ba5 13. b4 Bb6 14. Qd2 Nc6 15.
Bd3 f5 16. Rad1 Qf7 17. Qg5 Bd7 18. Ng3 Be8 19. Bc4 Nxd4 20. Nxd4 Rxd4 21. Rxd4
Bxd4 22. Nxf5 Bxe5 23. Nh6+ 1-0

[Event "Berkeley CC FNM; 30/90, SD/30"]
[Site "Berkeley"]
[Date "2009.06.05"]
[Round "6.4"]
[White "Rozenblatt, Daniel"]
[Black "Gonda, Thomas A"]
[Result "1-0"]
[WhiteElo "1669"]
[BlackElo "1685"]
[PlyCount "60"]
[EventDate "2009.??.??"]
[SourceDate "2007.10.22"]

1. e4 c5 2. Nf3 d6 3. d4 cxd4 4. Nxd4 Nf6 5. Nc3 a6 6. Bc4 Qc7 7. Bb3 e6 8. O-O
Bd7 9. f4 Nc6 10. Nf3 Be7 11. a4 O-O 12. Qe1 Rfd8 13. Qg3 Qb6+ 14. Kh1 Na5 15.
Ba2 Bc6 16. Re1 d5 17. e5 Ne4 18. Nxe4 dxe4 19. Ng5 Bc5 20. Qh3 h6 21. Nxf7 Re8
22. Nxh6+ gxh6 23. Bxe6+ Kf8 24. Qf5+ Kg7 25. Qf6+ Kh7 26. Bf5+ Kg8 27. Qg6+
Kf8 28. Qf6+ Kg8 29. Qg6+ Kf8 30. Qxh6+ Ke7 1-0

[Event "BCC Adolf Anderssen Friday Night Marath"]
[Site "Berkeley"]
[Date "2009.01.23"]
[Round "3.8"]
[White "Rozenblatt, Daniel"]
[Black "Landrum, Brett John"]
[Result "1-0"]
[WhiteElo "1398"]
[BlackElo "1454"]
[PlyCount "47"]
[EventDate "2009.??.??"]
[SourceDate "2007.10.22"]

1. e4 e5 2. Nf3 d6 3. d4 exd4 4. Nxd4 Nf6 5. Nc3 Be7 6. Bc4 O-O 7. O-O b6 8.
Nd5 Bb7 9. Nf5 Nxd5 10. Qg4 Bf6 11. Bh6 Bc8 12. Bxd5 c6 13. Bc4 Bxf5 14. exf5
Bxb2 15. Rae1 Qf6 16. Bg5 Qd4 17. Re4 Qc3 18. f6 g6 19. Bxf7+ Kh8 20. Bxg6 hxg6
21. Qh4+ Kg8 22. Qh6 Rxf6 23. Re8+ Rf8 24. Rxf8# 1-0

[Event "BCC Adolf Anderssen Friday Night Marath"]
[Site "Berkeley"]
[Date "2009.02.06"]
[Round "5"]
[White "Rozenblatt, Daniel"]
[Black "Magganas, Aristotle"]
[Result "1-0"]
[WhiteElo "1398"]
[BlackElo "1096"]
[PlyCount "105"]
[EventDate "2009.??.??"]
[SourceDate "2007.10.22"]

1. d4 Nf6 2. c4 e6 3. Nc3 d5 4. Nf3 c6 5. Bg5 Be7 6. e3 Nbd7 7. Rc1 h6 8. Bh4
Ne4 9. Bxe7 Qxe7 10. Nxe4 dxe4 11. Nd2 f5 12. Qh5+ Qf7 13. Qxf7+ Kxf7 14. f4 b6
15. c5 Bb7 16. Nc4 Ke7 17. Nd6 Rhb8 18. b4 a5 19. b5 cxb5 20. Nxb7 Rxb7 21.
Bxb5 Rc7 22. Kd2 bxc5 23. Rc2 c4 24. Rhc1 Rac8 25. Rxc4 Rxc4 26. Rxc4 Rxc4 27.
Bxc4 Nf6 28. h3 g5 29. fxg5 hxg5 30. g3 g4 31. h4 Nh5 32. Ke1 Nxg3 33. Kf2 Nh5
34. Kg2 Kd6 35. Kf2 e5 36. Bf7 Nf6 37. dxe5+ Kxe5 38. h5 Nh7 39. h6 Kf6 40. Be8
Kg5 41. Bd7 Nf8 42. Kg3 Kg6 43. Bc8 Nh7 44. Kf4 Kxh6 45. Bxf5 Nf6 46. Bxg4 Nxg4
47. Kxg4 Kg6 48. Kf4 Kf6 49. Kxe4 Ke6 50. a4 Kd6 51. Kd4 Kd7 52. Kc5 Kc7 53.
Kb5 1-0

[Event "Berkeley CC FNM; 30/90, SD/30"]
[Site "Berkeley"]
[Date "2009.05.22"]
[Round "4.5"]
[White "Rozenblatt, Daniel"]
[Black "Motschenbacher, Von"]
[Result "0-1"]
[WhiteElo "1669"]
[BlackElo "1732"]
[PlyCount "36"]
[EventDate "2009.??.??"]
[SourceDate "2007.10.22"]

1. d4 e6 2. e4 d5 3. Nc3 Bb4 4. e5 c5 5. a3 Bxc3+ 6. bxc3 Qc7 7. Qg4 f6 8. Bb5+
Kf8 9. Ne2 c4 10. a4 a6 11. Ba3+ Kf7 12. Bd6 Qd8 13. Bxc4 dxc4 14. Nf4 g6 15.
h4 Nc6 16. h5 g5 17. Ng6 Nh6 18. exf6 Nxg4 0-1

[Event "Purdy FNM; 30/90, SD/30"]
[Site "Berkeley"]
[Date "2010.01.15"]
[Round "2.3"]
[White "Rumph, Todd F"]
[Black "Glasscoe, Alan S"]
[Result "1-0"]
[WhiteElo "1970"]
[BlackElo "1800"]
[PlyCount "75"]
[EventDate "2010.??.??"]
[SourceDate "2007.10.22"]

1. c4 Nc6 2. g3 e5 3. Nc3 f5 4. Nf3 Nf6 5. d4 e4 6. Nh4 d6 7. Bg5 Be7 8. e3 O-O
9. a3 a5 10. Be2 Bd7 11. Ng2 h6 12. Bxf6 Bxf6 13. h4 Ne7 14. Nf4 c6 15. Qc2 Qc8
16. Rc1 Rb8 17. Nh5 Be8 18. Nxf6+ Rxf6 19. c5 dxc5 20. dxc5 Qc7 21. Na4 Rf8 22.
Nb6 Bf7 23. Rg1 Nd5 24. Nc4 Be6 25. Nd6 Qe7 26. Bc4 Nf6 27. Nxf5 Qe8 28. Nd6
Qe7 29. Nxe4 Kh8 30. Nd6 Ng4 31. Qe4 Qf6 32. Rc2 Ne5 33. Bxe6 Nf3+ 34. Kf1 Nxg1
35. Kxg1 Qe7 36. Qe5 Rf6 37. Nf7+ Rxf7 38. Qxb8+ 1-0

[Event "Berkeley CC Ch2011 FNM; 30/90, SD/30"]
[Site "Berkeley"]
[Date "2011.11.25"]
[Round "4.2"]
[White "Rumph, Todd F"]
[Black "Lope, Greg Kenneth"]
[Result "1-0"]
[WhiteElo "2176"]
[BlackElo "2047"]
[PlyCount "73"]
[EventDate "2011.??.??"]
[SourceDate "2007.10.22"]

1. c4 Nf6 2. g3 g6 3. Bg2 Bg7 4. Nc3 d6 5. e4 O-O 6. Nge2 e5 7. O-O Nc6 8. d3
a6 9. h3 Rb8 10. Be3 Kh8 11. Qd2 Ng8 12. d4 f5 13. exf5 gxf5 14. f4 e4 15. d5
Na5 16. Bd4 Nf6 17. b3 c5 18. dxc6 Nxc6 19. Be3 b5 20. cxb5 axb5 21. Rad1 d5
22. Nxd5 Be6 23. Nxf6 Qxf6 24. Qe1 Rfd8 25. Qf2 Ra8 26. Nc1 Qc3 27. Bb6 Rd4 28.
Ne2 Rxd1 29. Nxc3 Rxf1+ 30. Kxf1 Bxc3 31. Qc5 Bc4+ 32. bxc4 Nb4 33. cxb5 Nxa2
34. Qd5 Ra4 35. Qxf5 Kg7 36. Bxe4 Rxe4 37. Qxe4 1-0

[Event "Berkeley CC Ch2011 FNM; 30/90, SD/30"]
[Site "Berkeley"]
[Date "2011.11.18"]
[Round "3.4"]
[White "Rumph, Todd F"]
[Black "Narayanan, Praveen"]
[Result "1-0"]
[WhiteElo "2176"]
[BlackElo "1986"]
[PlyCount "93"]
[EventDate "2011.??.??"]
[SourceDate "2007.10.22"]

1. d4 Nf6 2. c4 e6 3. Nc3 Bb4 4. e3 O-O 5. Nge2 d5 6. a3 Bxc3+ 7. Nxc3 Nbd7 8.
Bd3 dxc4 9. Bxc4 e5 10. O-O exd4 11. exd4 Nb6 12. Bb3 Nbd5 13. Bg5 Nxc3 14.
bxc3 Qd6 15. Qf3 Bg4 16. Qf4 Qxf4 17. Bxf4 c6 18. Rfe1 Rfe8 19. f3 Bf5 20. a4
Nd5 21. Bd2 Be6 22. a5 b5 23. Bc2 h5 24. Bd3 Rad8 25. Bg5 Rc8 26. Rac1 a6 27.
Bd2 Ne7 28. Re2 g6 29. Rce1 Kf8 30. g4 hxg4 31. fxg4 Kg7 32. Kg2 c5 33. dxc5
Nc6 34. Be3 Red8 35. Be4 Bd5 36. Bd4+ Kh7 37. Bf6 Bxe4+ 38. Rxe4 Rd2+ 39. Kg1
g5 40. Bxg5 Rd3 41. Bf6 Kg6 42. Rf1 Rc7 43. Re8 Rcd7 44. Rg8+ Kh7 45. Rh8+ Kg6
46. h4 Rg3+ 47. Kh2 1-0

[Event "Berkeley CC Reti FNM; 30/90, SD/60"]
[Site "Berkeley CA"]
[Date "2011.04.29"]
[Round "2.1"]
[White "Rumph, Todd F"]
[Black "Trestor, David J"]
[Result "1-0"]
[WhiteElo "2152"]
[BlackElo "1821"]
[Annotator "Rumph"]
[PlyCount "97"]
[EventDate "2011.??.??"]
[SourceDate "2007.10.22"]

1. c4 Nf6 2. Nc3 d5 3. cxd5 Nxd5 4. g3 (4. d4 g6 5. e4 Nxc3 6. bxc3 Bg7 {
transposes to an Exchange Grunfeld.}) (4. e4 $5 Nb4 5. Bc4) 4... Nxc3 5. bxc3
g6 6. Bg2 Bg7 7. Rb1 {White decides to start attacking on the queenside right
away. 7.d4 or 7.Nf3 are the usual alternatives.} O-O $6 (7... Nd7 {is more usua
l because of the note to White's next move. However, then Black can't perform
the usual attack on d4 as in the game.}) 8. d4 $6 (8. Bxb7 $4 Bxb7 9. Rxb7 Qd5
$19) ({However, quite a few GM games have seen} 8. Rxb7 $1 Bxb7 9. Bxb7 Nd7 10.
Bxa8 Qxa8 11. f3 $14 (11. Nf3 $14)) 8... c5 9. e3 Qa5 10. Qd2 {White is trying
to stabilize the center (with its extra center pawn, but Black has more active
development and a temporary initiative. Probably equal chances here.} Nc6 11.
Ne2 Rd8 12. O-O Qa6 {Trying to relieve the pressure on the b7-pawn. Maybe 12...
Qa4, with the idea of 13...b6 and 14...Bb7/Ba6, or even 14. ..Bf5 is better.}
13. Qb2 {Trying to keep the Black QB tied down.} cxd4 ({I thought} 13... Bf5
14. e4 Bg4 15. f3 Bc8 16. d5 Ne5 17. Bf4 Nc4 18. Qb5 $5 {was going to be
better for White, but in retrospect, I don't like the weakness of c4 & d3.
Black should be able to dismantle White's center as well. I didn't think Black
could play 18...Qxa2 19.Rfe1, but even that may be OK.}) 14. cxd4 e5 $6 ({
I calculated} 14... Bf5 15. Qxb7 Qxe2 16. Rb2 Rab8 17. Rxe2 Rxb7 18. Bxc6 Rc7 (
{but missed} 18... Rb6 $1 19. e4 $8 (19. Bg2 $2 Bd3 $17) 19... Bh3 20. d5 Bxf1
21. Kxf1 $15) 19. Bb5 $14 {Strangely, this has been seen before:
Vaganian-Malachi 1972 was drawn after 14...Bf5!}) 15. d5 Nb4 $2 ({Critical was
} 15... e4 $1 16. Qb5 Qxb5 ({or} 16... Qxa2 17. dxc6 bxc6 18. Qxc6 Bd7 19. Qb7
Qxe2 20. Ba3 $13) 17. Rxb5 a6 18. Rc5 Nb4 19. Bxe4 $13) 16. Qxb4 Qxe2 17. e4
$16 (17. Qe7 $16) 17... Bf8 (17... Qxa2 $6 18. Qe7 Rf8 19. Ba3 {
is pretty scary for Black.}) 18. Qb3 (18. Qc3 {was better.}) 18... Rd6 19. Be3
Ra6 20. Rb2 Qg4 21. Rc2 b6 22. Rfc1 Ra3 $5 23. Qb2 Rxe3 $1 {
A good practical chance.} (23... Bd6 $2 24. Rc6 Qd7 25. Bh3 $1 Qxh3 26. Rxd6
Bg4 27. Rf6 {and Black is busted.}) 24. fxe3 Bc5 25. Re1 $2 (25. Rxc5 bxc5 26.
Qxe5 Ba6 27. Qf4 {and White should win.}) 25... Qg5 26. Qb5 Qe7 27. Kh1 a6 28.
Qb3 Bd7 29. Rec1 Rc8 ({I expected} 29... Qe8 30. Rf2 Ba4 31. Qc3 $16) 30. Qd3
Bb5 31. Qd2 {White is looking for a good plan. The two Black bishops are pesky,
so White tries to exchange the light square bishop.} Rd8 32. Qf2 (32. Bf1 Ba4
33. Rb2 Ba3 {is annoying.}) 32... Kg7 33. Bf1 Ba4 34. Rc3 a5 35. Qb2 {
35. Bd3 was more patient, followed by Kg2 and strengthening the K-side.} Bd7
36. Rxc5 {A strange time to sac back the exchange, but still White is better.}
bxc5 37. Qc3 (37. Qb6) 37... Qf6 38. Kg1 a4 39. Qxc5 Rc8 40. Qa3 Rb8 41. Qc3
Rc8 42. Qb2 Qf3 $2 {This natural move loses by force. Better was} (42... Rxc1
43. Qxc1 Qf3 44. Bg2 Qe2 45. a3 $16) 43. Rxc8 Qxe3+ ({Or} 43... Bxc8 44. Qxe5+
Kg8 45. Qe8+ Kg7 46. Qxc8 Qxe3+ 47. Kg2 Qxe4+ 48. Kh3 Qxd5 49. Bc4 $18) 44. Qf2
Qxf2+ 45. Kxf2 Bxc8 46. Bb5 $1 $18 {With the dual threats of Bxa4 and d6.} Kf6
47. Bxa4 Ke7 48. Bc6 Ba6 49. a4 {A bit surprising, Black resigned.} ({
White wins by 1) stopping ...f5 (when Black would get a passed pawn), 2)
fixing the kingside pawns, and 3) redeploying the Bishop to support the a-pawn.
For example,} 49. a4 Kd6 (49... f5 50. Bb5 Bb7 51. a5 fxe4 52. Bc4 Kd6 53. a6
Ba8 54. Ke3 Kc5 55. g4 h6 56. h4 g5 57. h5 Kd6 58. Kxe4 $18) 50. g4 $1 {
Stopping f5 and starting to fix the kingside pawns.} f6 51. h4 g5 52. h5 h6 $8
(52... Bd3 $2 53. Ke3 Ba6 54. h6 $1 Bc8 55. Be8 Bxg4 56. Bg6 $18) 53. Ke3 Bf1
54. a5 Ba6 55. Ba4 $1 {Redeploying the White bishop to the f1-a6 diagonal.} Bf1
(55... Bc8 56. Bb5) 56. Bc2 Ba6 (56... Bh3 $2 57. a6 Kc7 58. d6+ $18) 57. Bd3
Bc8 58. a6 Kc7 59. a7 Bb7 (59... Kb7 60. Ba6+ $1 $18) 60. Bb5 $18 Ba8 61. Bc6
$18) 1-0

[Event "Purdy FNM; 30/90, SD/30"]
[Site "Berkeley"]
[Date "2010.01.29"]
[Round "4.2"]
[White "Rumph, Todd F"]
[Black "Wang, Michael Lei"]
[Result "1-0"]
[WhiteElo "1970"]
[BlackElo "1242"]
[PlyCount "43"]
[EventDate "2010.??.??"]
[SourceDate "2007.10.22"]

1. c4 e5 2. g3 Nf6 3. Bg2 Bc5 4. Nc3 c6 5. Nf3 Qe7 6. d4 Bxd4 7. Nxd4 exd4 8.
Qxd4 d6 9. Bf4 d5 10. cxd5 Bf5 11. Bxb8 Rxb8 12. Qf4 O-O 13. Qxf5 Qb4 14. Rb1
Nxd5 15. Bxd5 cxd5 16. O-O d4 17. Ne4 f6 18. Qc5 Qa4 19. Qd5+ Kh8 20. Nd6 Rbd8
21. Nf7+ Rxf7 22. Qxd8+ 1-0

[Event "Berkeley CC Reti FNM; 30/90, SD/60"]
[Site "Berkeley"]
[Date "2011.05.13"]
[Round "4.1"]
[White "Rumph, Todd F"]
[Black "Watson, Farid Mark"]
[Result "1-0"]
[WhiteElo "2152"]
[BlackElo "2016"]
[PlyCount "49"]
[EventDate "2011.??.??"]
[SourceDate "2007.10.22"]

1. c4 g6 2. g3 Bg7 3. Bg2 d6 4. Nc3 Nf6 5. Rb1 O-O 6. Nf3 c6 7. O-O Bg4 8. h3
Bxf3 9. Bxf3 Nbd7 10. d3 Qc7 11. b4 a6 12. a4 Rac8 13. Bd2 h6 14. b5 Rfe8 15.
Qb3 e5 16. Be3 Rb8 17. Qa3 Ra8 18. bxc6 bxc6 19. a5 Rab8 20. Qa4 e4 21. Nxe4
Nxe4 22. Bxe4 d5 23. cxd5 cxd5 24. Bg2 Nf6 25. Bf4 1-0

[Event "Berkeley CC Ch2011 FNM; 30/90, SD/30"]
[Site "Berkeley"]
[Date "2011.12.16"]
[Round "7"]
[White "Rumph, Todd F"]
[Black "Watson, Farid Mark"]
[Result "1-0"]
[WhiteElo "2176"]
[BlackElo "2010"]
[PlyCount "47"]
[EventDate "2011.??.??"]
[SourceDate "2007.10.22"]

1. c4 Nf6 2. g3 c6 3. Bg2 d5 4. Nf3 Bf5 5. cxd5 cxd5 6. Qb3 Qc8 7. Nc3 e6 8. d3
Be7 9. Bf4 a6 10. Rc1 Nc6 11. O-O h6 12. Ne5 Nd7 13. Nxc6 bxc6 14. e4 g5 15.
exf5 gxf4 16. fxe6 fxe6 17. Rfe1 Nf8 18. Nxd5 exd5 19. Bxd5 cxd5 20. Rxc8+ Rxc8
21. Qb7 Ng6 22. Qxc8+ Kf7 23. Qf5+ Kg7 24. Rxe7+ 1-0

[Event "Berkeley CC De Firmian FNM; 30/90, SD/30"]
[Site "Berkeley"]
[Date "2012.04.13"]
[Round "3.7"]
[White "Sadowsky, Jacob An"]
[Black "Acosta, Anthony Ro"]
[Result "1-0"]
[WhiteElo "1721"]
[BlackElo "1692"]
[PlyCount "69"]
[EventDate "2012.??.??"]

1. e4 d5 2. exd5 Qxd5 3. Nc3 Qa5 4. d4 Nf6 5. Bd2 Bg4 6. Be2 Bf5 7. Nf3 c6 8.
Ne4 Qc7 9. Nxf6+ gxf6 10. Nh4 Bg6 11. Nxg6 hxg6 12. g3 Nd7 13. Bc4 e6 14. Qe2
O-O-O 15. O-O-O Bg7 16. h4 Rhe8 17. g4 Nb6 18. c3 Nxc4 19. Qxc4 Rh8 20. f4 e5
21. fxe5 fxe5 22. dxe5 Bxe5 23. g5 Rxd2 24. Kxd2 b5 25. Qg4+ Kb7 26. Kc2 Ka6
27. Rd7 Qc8 28. a4 Bc7 29. axb5+ cxb5 30. Ra1+ Kb7 31. Qf3+ Kb8 32. Qxf7 Rxh4
33. Rxa7 Rc4 34. Ra1 Qh8 35. Qd5 1-0

[Event "Berkeley CC Capablanca FNM; 30/90, SD/3"]
[Site "Berkeley"]
[Date "2011.10.07"]
[Round "4.6"]
[White "Sadowsky, Jacob"]
[Black "Maser, Thomas"]
[Result "0-1"]
[WhiteElo "1450"]
[BlackElo "1966"]
[PlyCount "60"]
[EventDate "2011.??.??"]
[SourceDate "2007.10.22"]

1. e4 e5 2. Nf3 Nc6 3. d4 exd4 4. Nxd4 Bc5 5. Be3 Bb6 6. g3 d6 7. Bg2 Nf6 8.
O-O O-O 9. c3 Re8 10. Nd2 Ng4 11. Nc4 Nce5 12. Nxb6 Nxe3 13. fxe3 axb6 14. Nf5
Qg5 15. Rf4 Be6 16. b3 h5 17. Qe2 Bxb3 18. h4 Qg6 19. Bf3 Bc4 20. Qd1 Nxf3+ 21.
Qxf3 Rxa2 22. Rxa2 Bxa2 23. Kf2 Be6 24. g4 Qf6 25. gxh5 Bxf5 26. exf5 Qxc3 27.
h6 Qd2+ 28. Kf1 Rxe3 29. Qg4 Qe1+ 30. Kg2 Re2+ 0-1

[Event "Berkeley CC Capablanca FNM; 30/90, SD/3"]
[Site "Berkeley"]
[Date "2011.10.21"]
[Round "6.8"]
[White "Sadowsky, Jacob"]
[Black "Mueckenberger, Andrew"]
[Result "0-1"]
[WhiteElo "1450"]
[BlackElo "1804"]
[PlyCount "114"]
[EventDate "2011.??.??"]
[SourceDate "2007.10.22"]

1. e4 d6 2. d4 g6 3. Nf3 Bg7 4. Nc3 Nf6 5. g3 O-O 6. Bg2 c6 7. d5 Na6 8. O-O
Nc7 9. dxc6 bxc6 10. e5 Nfd5 11. Nxd5 cxd5 12. exd6 Qxd6 13. Re1 Re8 14. Ng5 h6
15. Nf3 e5 16. Nd2 f5 17. Nc4 Qc5 18. Ne3 Be6 19. c4 Rad8 20. cxd5 Nxd5 21.
Nxd5 Bxd5 22. Bxd5+ Rxd5 23. Qb3 Kh7 24. Be3 Qa5 25. Bxa7 Rb5 26. Qf7 Ra8 27.
Bd4 exd4 28. Re7 Rg8 29. Rae1 Rb6 30. R1e5 Qd2 31. Re8 Rxe8 32. Rxe8 h5 33. Re7
Qh6 34. b3 d3 35. Rd7 d2 36. f4 Rb7 37. Qd5 Rxd7 38. Qxd7 h4 39. Qxd2 h3 40.
Qd3 Bf8 41. Qd7+ Qg7 42. Qxg7+ Kxg7 43. a4 Bb4 44. Kf2 Kf7 45. Kf3 Bc5 46. a5
Ke6 47. a6 Kd5 48. g4 Kc6 49. gxf5 gxf5 50. Kg3 Be3 51. a7 Kb7 52. Kxh3 Bxf4
53. Kg2 Kxa7 54. h4 Bh6 55. Kf3 Kb6 56. Kf2 Kb5 57. Kf3 Kb4 0-1

[Event "Berkeley CC De Firmian FNM; 30/90, SD/30"]
[Site "Berkeley"]
[Date "2012.03.30"]
[Round "1.12"]
[White "Sadowsky, Jacob An"]
[Black "Wang, Michael J"]
[Result "0-1"]
[WhiteElo "1721"]
[BlackElo "100"]
[PlyCount "74"]
[EventDate "2012.??.??"]

1. e4 c6 2. d4 d5 3. e5 Bf5 4. Nf3 e6 5. Bd3 Bxd3 6. Qxd3 Ne7 7. Bg5 Qb6 8.
Bxe7 Qxb2 9. Nc3 Qxa1+ 10. Nd1 Bxe7 11. O-O Qb1 12. Nc3 Qb6 13. Nd2 Nd7 14. Nb3
O-O 15. f4 c5 16. Na4 Qc7 17. dxc5 Bxc5+ 18. Kh1 f6 19. g4 fxe5 20. f5 e4 21.
Qb5 Bd6 22. Nd4 Rae8 23. Rf2 a6 24. Qe2 Nc5 25. Nc3 Be5 26. Qe3 Bxd4 27. Qxd4
Qc6 28. Rg2 e5 29. Qxd5+ Qxd5 30. Nxd5 Rd8 31. Ne3 Rd4 32. h4 Rfd8 33. g5 Rd2
34. Rg1 Re2 35. Ng4 Rdd2 36. f6 g6 37. Rf1 e3 0-1

[Event "BCC Annual Championship"]
[Site "?"]
[Date "2008.11.07"]
[Round "3"]
[White "Salerno, Stacy"]
[Black "Stoll, Danny"]
[Result "0-1"]
[WhiteElo "682"]
[BlackElo "1200"]
[PlyCount "98"]
[EventDate "2008.??.??"]
[SourceDate "2007.10.22"]

1. e4 c5 2. Nf3 d6 3. Nc3 Nf6 4. Bc4 g6 5. O-O Bg7 6. Ng5 O-O 7. d3 Nc6 8. Be3
Bd7 9. Rb1 Ne5 10. Bb3 b5 11. Bd5 Rb8 12. a3 a5 13. d4 cxd4 14. Bxd4 Nc6 15.
Be3 b4 16. axb4 Nxb4 17. Bd4 Nc6 18. Re1 Rb4 19. Nf3 Bg4 20. Bxf6 Bxf6 21. Bxc6
Qb6 22. Bd5 Bxf3 23. Qxf3 a4 24. h3 Rb8 25. Bxf7+ Kxf7 26. Nd5 Qd4 27. Nxb4
Qxb4 28. b3 a3 29. e5 dxe5 30. Rxe5 Kg7 31. Re4 Qd2 32. Ra4 Qxc2 33. Re1 Rxb3
34. Qd1 Qb2 35. Ra7 Rb7 36. Rxb7 Qxb7 37. Qa4 Qb2 38. Kf1 a2 39. g4 a1=Q 40.
Rxa1 Qxa1+ 41. Qxa1 Bxa1 42. Kg2 Kf6 43. f3 Kg5 44. Kg3 Be5+ 45. Kg2 Kf4 46.
Kf2 h5 47. Kg2 Bd4 48. h4 hxg4 49. fxg4 Kxg4 0-1

[Event "BCC Annual Championship"]
[Site "?"]
[Date "2008.11.21"]
[Round "5"]
[White "Salerno, Stacy"]
[Black "Zeng, Kairui"]
[Result "1-0"]
[WhiteElo "682"]
[BlackElo "1007"]
[PlyCount "45"]
[EventDate "2008.??.??"]
[SourceDate "2007.10.22"]

1. e4 e5 2. Nf3 Nc6 3. Bb5 Nf6 4. d3 Bd6 5. O-O a6 6. Bc4 O-O 7. Nc3 Bc5 8. h3
Re8 9. Ng5 Re7 10. Be3 Bxe3 11. fxe3 Nb4 12. a3 d5 13. exd5 Nbxd5 14. Nxd5 Nxd5
15. Qf3 f6 16. Bxd5+ Kh8 17. Nf7+ Rxf7 18. Bxf7 Qf8 19. Qh5 g6 20. Bxg6 Qg7 21.
Rxf6 Kg8 22. Raf1 hxg6 23. Rxg6 1-0